000 00508nam a22001457a 4500
003 ASAB
005 20180827062839.0
008 180511t xxu||||| |||| 00| 0 eng d
040 _cASAB
100 _aMaria Khalid-sup-Dr. Muhammad Tahir
_93917
245 _aTH-MS-Isolation and Partial characterization of Begomovirus ( es) from different Crop Plants of Punjab Pakistan
_cMaria Khalid-sup-Dr. Muhammad Tahir
300 _axvii, 72 P
_b30 cm
630 _aVirology and Immunology
_93918
942 _2ddc
_cTH
999 _c480859
_d480859